Où est la capitale sur la carte du pays ? - QCM - Statistiques

Statistiques générales
  • Ce quiz a été pris 67 451 fois
  • Le résultat moyen est 9 sur 15
Statistiques - réponses
Question Réponse % Correct
Où est la capitale de la France ?
98%
Où est la capitale de l'Espagne ?
85%
Où est la capitale du Royaume-Uni ?
83%
Où est la capitale de l'Allemagne ?
76%
Où est la capitale de la Turquie ?
63%
Où est la capitale des Etats-Unis ?
63%
Où est la capitale de l'Inde ?
57%
Où est la capitale du Brésil ?
57%
Où est la capitale du Japon ?
57%
Où est la capitale de la Suède ?
53%
Où est la capitale de l'Australie ?
52%
Où est la capitale de la Chine ?
51%
Où est la capitale de l'Egypte ?
50%
Où est la capitale du Canada ?
50%
Où est la capitale du Maroc ?
30%
Aucun quiz correspondant
Distribution des résultats
% des personnes avec chaque résultat
Percentile par nombre de réponses
Votre historique - résultats
Vous n’avez pas pris ce quiz